000 00504nam a22001697a 4500
005 20251108171036.0
008 250721s2002 xx 000 0 ara d
082 1 4 _a812.9565/حنا
100 1 _aحنا، ميسون
245 1 0 _aحكاية توت و مسرحيات أخرى /
264 1 _aعمان :
_bدار الفارس للنشر و التوزيع،
_c2002.
300 _a127ص.
650 1 7 _aالمسرحيات العربية
650 1 7 _aالأردن
942 _2ddc
_cBK
999 _c55124
_d55124